000 00798nas a2200265 4500
001 BR2015005149
003 BR-BrBNA
005 20231205125719.0
007 ta
008 230509b bl.|||p| |||| 00| 00por d
040 _aBR-BrBNA
_bpor
_cBiblioteca Nacional de Agricultura
041 _a(En)
072 _aL73; L70
100 1 _aBlume, G.R.
100 1 _aPereira, F.M.A.M.
100 1 _aReis Júnior, J.L.
100 1 _aSant'Ana, F.J.F. de
245 1 _aCutaneous myxoma in a pintagol (Sporagra magellanica X Serinus canaria)
650 _aDOENÇA ANIMAL
650 _aNEOPLASIA
650 _aVETERINÁRIA
773 0 _tCiência Rural (Brazil)
_xISSN 0103-8478
_g(Sep 2015), v. 45(9) p. 1641-1643
_wBR2015005149
909 _a202311
_bLúcia
_c55
_dLúcia Elande
942 _2AGRIS
_n0
_cANA
999 _c245722
_d245722